The make believe world of Maxfield Parrish and Sue Lewin / (Record no. 17677)

000 -LEADER
fixed length control field 01063cam a2200289 a 4500
008 - FIXED-LENGTH DATA ELEMENTS--GENERAL INFORMATION
fixed length control field 921224s1990 caua 000 0beng d
020 ## - INTERNATIONAL STANDARD BOOK NUMBER
International Standard Book Number 0876545762 (pbk.)
050 04 - LIBRARY OF CONGRESS CALL NUMBER
Classification number ND237.P25213
Item number G55 1990
100 1# - MAIN ENTRY--PERSONAL NAME
Personal name Gilbert-Smith, Alma.
245 14 - TITLE STATEMENT
Title The make believe world of Maxfield Parrish and Sue Lewin /
Statement of responsibility, etc. Alma Gilbert.
260 ## - PUBLICATION, DISTRIBUTION, ETC. (IMPRINT)
Place of publication, distribution, etc. San Francisco :
Name of publisher, distributor, etc. Pomegranate Artbooks,
Date of publication, distribution, etc. c1990.
300 ## - PHYSICAL DESCRIPTION
Extent vii, 85 p. :
Other physical details ill. (some col.) ;
Dimensions 28 cm.
650 #0 - SUBJECT ADDED ENTRY--TOPICAL TERM
Topical term or geographic name as entry element Artists' models
Geographic subdivision United States
General subdivision Biography.
942 ## - ADDED ENTRY ELEMENTS (KOHA)
Source of classification or shelving scheme
Koha item type Hard Covered Materials
Classification part ND237.P25213 G55 1990
Holdings
Withdrawn status Lost status Source of classification or shelving scheme Damaged status Not for loan Home library Current library Shelving location Date acquired Source of acquisition Total Checkouts Full call number Barcode Date last seen Price effective from Koha item type
          MACHAKOS UNIVERSITY LIBRARY MACHAKOS UNIVERSITY LIBRARY Open shelf 28/11/2016 Donation(BFA)   ND237.P25213 G55 1990 28288 28/11/2016 28/11/2016 Hard Covered Materials
© Machakos University Library, Along The Highway, Machakos Wote Rd, Machakos, Kenya P.O. Box 136 - 90100 Machakos - Kenya

Tel: ( +254 ) 723 805829 OR Fax : 044-20353 OR Email: library@mksu.ac.ke